Ilusiones ópticas (Record no. 9554)

MARC details
000 -LEADER
campo de control de longitud fija 00892nam a2200277 i 4500
001 - NÚMERO DE CONTROL
campo de control 9554
003 - IDENTIFICADOR DE NÚMERO DE CONTROL
campo de control ES-MaACL
005 - FECHA Y HORA DE LA ÚLTIMA TRANSACCIÓN
campo de control 20230906145714.0
007 - CAMPO FIJO DE DESCRIPCIÓN FÍSICA--INFORMACIÓN GENERAL
campo de control de longitud fija t|
008 - DATOS DE LONGITUD FIJA--INFORMACIÓN GENERAL
campo de control de longitud fija 931104s1991 sp ||||1| spa d
020 ## - NÚMERO INTERNACIONAL ESTÁNDAR DEL LIBRO
Número Internacional Estándar del Libro 84-7615-732-0
080 ## - NÚMERO DE LA CLASIFICACIÓN DECIMAL UNIVERSAL
Número de la Clasificación Decimal Universal 159.937.5
100 1# - ENTRADA PRINCIPAL--NOMBRE DE PERSONA
Nombre de persona Gibilisco, Stan.
9 (RLIN) 56655
245 10 - MENCIÓN DEL TÍTULO
Título Ilusiones ópticas
Resto del título : rompecabezas, paradojas y enigmas /
Mención de responsabilidad, etc. Stan Gibilisco ; traducción, Rafael Gómez Lucía.
260 ## - PUBLICACIÓN, DISTRIBUCIÓN, ETC.
Lugar de publicación, distribución, etc. Madrid [etc.] :
Nombre del editor, distribuidor, etc. McGraw-Hill,
Fecha de publicación, distribución, etc. D.L. 1991.
300 ## - DESCRIPCIÓN FÍSICA
Extensión IX, 147 p. :
Otras características físicas il. ;
Dimensiones 21 cm.
490 1# - MENCIÓN DE SERIE
Mención de serie Serie McGraw-Hill de divulgación científica
500 ## - NOTA GENERAL
Nota general Bibliografía.
500 ## - NOTA GENERAL
Nota general Indice.
650 14 - PUNTO DE ACCESO ADICIONAL DE MATERIA--TÉRMINO DE MATERIA
Término de materia o nombre geográfico como elemento de entrada Percepción.
9 (RLIN) 15929
650 14 - PUNTO DE ACCESO ADICIONAL DE MATERIA--TÉRMINO DE MATERIA
Término de materia o nombre geográfico como elemento de entrada Realidad.
9 (RLIN) 16683
700 1# - ENTRADA AGREGADA--NOMBRE PERSONAL
Nombre de persona Gómez Lucía, Rafael.
9 (RLIN) 58023
830 0# - PUNTO DE ACCESO ADICIONAL DE SERIE-TÍTULO UNIFORME
Título uniforme Serie McGraw-Hill de divulgación científica
9 (RLIN) 178515
852 ## - LOCALIZACIÓN
Ubicación ES-MaACL
Número de control de estantería L-17010
Sublocalización o colección R.122039
Holdings
Estatus retirado Estado de pérdida Estado de daño No para préstamo Biblioteca de origen Biblioteca actual Ubicación en estantería Fecha de adquisición Fuente de adquisición Total de préstamos Signatura topográfica completa Código de barras Visto por última vez Precio de reemplazo Tipo de ítem Koha
        Biblioteca del Ateneo de Madrid Biblioteca del Ateneo de Madrid Depósito 2 17/01/2008     L-17010 1009750 23/02/2023 23/02/2023 Libro impreso